[Event "GRE-chT 40th"]
[Site "Achaia"]
[Date "2012.06.30"]
[Round "1.6"]
[White "Papadimitriou, Athanasios"]
[Black "Dimbas, Dimitrios"]
[Result "1-0"]
[WhiteElo "2211"]
[BlackElo "2065"]
[PlyCount "81"]
[EventDate "2012.06.30"]
[EventType "team-swiss"]
[EventRounds "7"]
[EventCountry "GRE"]
[SourceTitle "CBM 149 Extra"]
[Source "ChessBase"]
[SourceDate "2012.08.24"]
[SourceVersion "1"]
[SourceVersionDate "2012.08.24"]
[SourceQuality "1"]
[WhiteTeam "Thessaloniki"]
[BlackTeam "Pan GA"]
[WhiteTeamCountry "GRE"]
[BlackTeamCountry "GRE"]

1. Nf3 Nf6 2. g3 g6 3. Bg2 Bg7 4. 0-0 0-0 5. c4 d6 6. d4 Nbd7 7. Qc2 c6 8. Rd1 Qc7 9. Nc3 e5 10. b3 Re8 11. e3 a5 12. Ba3 exd4 13. Nxd4 Nc5 14. Ndb5 cxb5 15. Nxb5 Qe7 16. Nxd6 Bf5 17. Nxf5 gxf5 18. Qxf5 Rac8 19. Bxb7 Qxb7 20. Bxc5 Ne4 21. Bd4 Re6 22. Bxg7 Kxg7 23. Qxa5 Rc5 24. Qd8 Nxf2 25. Kxf2 Rf6+ 26. Kg1 Qf3 27. Qd2 Rcf5 28. Rf1 Qxf1+ 29. Rxf1 Rxf1+ 30. Kg2 h5 31. Qe2 R1f5 32. b4 Re6 33. Qd3 Ref6 34. Qd2 h4 35. b5 h3+ 36. Kxh3 Rf2 37. Qd4 Kh7 38. Qxf6 Rxf6 39. a4 Kg6 40. a5 Kf5 41. a6 1-0

[Event "GRE-ch U20"]
[Site "Nikaia"]
[Date "2012.01.07"]
[Round "5"]
[White "Papadimitriou, Athanasios"]
[Black "Aggelis, Nikolaos"]
[Result "1/2-1/2"]
[WhiteElo "2211"]
[BlackElo "2340"]
[PlyCount "198"]
[EventDate "2012.01.03"]
[EventType "swiss"]
[EventRounds "7"]
[EventCountry "GRE"]
[SourceTitle "CBM 146 Extra"]
[Source "ChessBase"]
[SourceDate "2012.02.29"]
[SourceVersion "1"]
[SourceVersionDate "2012.02.29"]
[SourceQuality "1"]

1. Nf3 Nf6 2. g3 g6 3. Bg2 Bg7 4. 0-0 d5 5. c4 0-0 6. cxd5 Nxd5 7. Nc3 Nc6 8. Nxd5 Qxd5 9. d3 Qh5 10. Qc2 Bh3 11. Be3 Bxg2 12. Kxg2 Qb5 13. Rab1 Qd5 14. b4 Ne5 15. Qc5 Rfd8 16. Rfc1 c6 17. Qxd5 Rxd5 18. b5 Rxb5 19. Rxb5 cxb5 20. Rc7 b6 21. Nxe5 Bxe5 22. Rxe7 Bc3 23. Kf3 b4 24. d4 f5 25. d5 a5 26. d6 a4 27. Bxb6 Bf6 28. Rc7 b3 29. axb3 axb3 30. Rc1 b2 31. Rb1 Ra1 32. Rxb2 Bxb2 33. d7 Bf6 34. d8Q+ Bxd8 35. Bxd8 Ra3+ 36. Kf4 Ra4+ 37. Kf3 Kf7 38. Bg5 Ra3+ 39. e3 Ra2 40. Bd8 Ke6 41. h4 h6 42. Kg2 Rd2 43. Ba5 Ra2 44. Bd8 Rd2 45. Ba5 Ra2 46. Bc3 g5 47. Bg7 gxh4 48. Bxh6 hxg3 49. Kxg3 Ra4 50. Bf4 Ra8 51. Kf3 Kd5 52. Bg3 Ra4 53. Bc7 Rh4 54. Bg3 Re4 55. Ke2 Rg4 56. Kf3 Kc4 57. Bf4 Kd5 58. e4+ Ke6 59. exf5+ Kxf5 60. Bg3 Rb4 61. Bd6 Rb3+ 62. Kg2 Kg4 63. Bg3 Rb2 64. Be5 Ra2 65. Bg3 Kf5 66. Kf3 Ra3+ 67. Kg2 Ke4 68. Bd6 Ra6 69. Bc7 Rg6+ 70. Bg3 Rg8 71. Kf1 Kf3 72. Kg1 Ra8 73. Kh2 Rh8+ 74. Kg1 Rh7 75. Bd6 Rh6 76. Bg3 Rh5 77. Bd6 Rd5 78. Bg3 Rd2 79. Kh2 Rd1 80. Bh4 Rb1 81. Bg3 Rb6 82. Kg1 Rc6 83. Kh2 Ke2 84. Kg2 Rg6 85. Kg1 Kf3 86. Kh2 Kg4 87. Kg2 Rg8 88. Bh2 Ra8 89. Bg3 Ra7 90. Bh2 Kf5 91. Kf3 Ra3+ 92. Kg2 Ke4 93. Bg3 Ra5 94. Bc7 Rg5+ 95. Bg3 Rg6 96. Kg1 Kf3 97. Kh2 Rg7 98. Kg1 Rxg3+ 99. fxg3 Kxg3 1/2-1/2

[Event "GRE-ch U20"]
[Site "Nikaia"]
[Date "2012.01.03"]
[Round "1"]
[White "Serntedakis, Athanasios"]
[Black "Papadimitriou, Athanasios"]
[Result "0-1"]
[WhiteElo "1971"]
[BlackElo "2211"]
[PlyCount "56"]
[EventDate "2012.01.03"]
[EventType "swiss"]
[EventRounds "7"]
[EventCountry "GRE"]
[SourceTitle "CBM 146 Extra"]
[Source "ChessBase"]
[SourceDate "2012.02.29"]
[SourceVersion "1"]
[SourceVersionDate "2012.02.29"]
[SourceQuality "1"]

1. e4 g6 2. Nc3 Bg7 3. g3 e6 4. Bg2 Ne7 5. d3 d5 6. h4 Nbc6 7. h5 d4 8. Nce2 e5 9. h6 Bf6 10. f4 Bg4 11. Nf3 0-0 12. 0-0 Qd6 13. Nh2 Bd7 14. f5 gxf5 15. Bh3 Kh8 16. exf5 Rg8 17. Kh1 Bg5 18. Bxg5 Rxg5 19. Qc1 Rag8 20. Nf3 Rh5 21. Nh4 Bxf5 22. Bxf5 Nxf5 23. Rxf5 Rxh4+ 24. Kg2 Qd5+ 25. Rf3 e4 26. dxe4 Qxe4 27. Qf1 Ne5 28. Ng1 Rhg4 0-1